00294nam a22000857a 4500008004100000082001900041245010100060260003900161300000800200230623b xxu||||| |||| 00| 0 eng d a330.bSOY 1992 aThe Nigerian Banking System in the Context of Policies of Financial Regulation and Deregulation: bEconomic Research Consortiumc1992 a29p